Llwytho...

Personnel and Human Resource Management: Text& Cases

Manylion Llyfryddiaeth
Prif Awdur: Rao, P Subba
Fformat: Printed Book
Cyhoeddwyd: Himalaya Pub House: Mumbai 2005
Rhifyn:3 edition
Pynciau:
LEADER 00610nam a2200193 4500
020 |a 8174937773  |c 190 
082 |a S 658.3 RAO 
100 |a Rao, P Subba 
245 |a Personnel and Human Resource Management: Text& Cases  |c Rao, P Subba 
250 |a 3 edition 
260 |a Himalaya Pub House: Mumbai  |c 2005 
300 |a 478 p 
490
500
590
650 |a Personnel/Human resources management--HRM--Training and development 
942 |c BK 
999 |c 139137  |d 139137 
952 |0 0  |1 0  |4 0  |6 S_658_300000000000000_RAO  |7 0  |9 152597  |a IMK  |b IMK  |g 190.00  |l 0  |o S 658.3 RAO  |p IMK06143  |r 2019-10-25  |w 2019-10-25  |y BK